Privatizace české ekonomiky: její kořeny, metody a výsledky /

Hlavní autor: Ježek, Tomáš, 1940-2017
Korporativní autor: Vysoká škola ekonomická v Praze
Jazyk: Čeština
Vydáno: V Praze : Oeconomica, 2006
Vydání: Vyd. 1.
Témata:
Externí odkaz: Digitalizovaný dokument
Fyzický popis: 142 s. ; 25 cm
Knihy
Uloženo v:
LEADER 01616nam a2200433 a 4500
001 nkc20061697235
003 CZ PrNK
005 20090220122407.0
007 ta
008 061110s2006 xr f 000 0 cze
015 |a cnb001697235 
020 |a 80-245-1069-3  |q (brož.) 
035 |a (OCoLC)85723211 
040 |a BOA001  |b cze  |d OLA001  |d ABA001 
043 |a e-xr--- 
072 7 |a 330.5+338  |x Národní hospodářství a hospodářská politika  |2 Konspekt  |9 4 
080 |a 338.246.025.88  |2 MRF 
080 |a (437.3)  |2 MRF 
080 |a (048.8)  |2 MRF 
100 1 |a Ježek, Tomáš,  |d 1940-2017  |7 jn19990209312  |4 aut 
245 1 0 |a Privatizace české ekonomiky: její kořeny, metody a výsledky /  |c Tomáš Ježek 
250 |a Vyd. 1. 
260 |a V Praze :  |b Oeconomica,  |c 2006 
300 |a 142 s. ;  |c 25 cm 
500 |a 300 výt. 
504 |a Obsahuje bibliografii 
550 |a Vydavatel: Vysoká škola ekonomická v Praze 
650 0 7 |a privatizace  |7 ph124611  |z Česko  |2 czenas 
650 0 9 |a privatization  |z Czechia  |2 eczenas 
655 7 |a studie  |7 fd133597  |2 czenas 
655 9 |a studies  |2 eczenas 
710 2 |a Vysoká škola ekonomická v Praze  |7 kn20010709403 
856 4 1 |u http://www.digitalniknihovna.cz/mzk/uuid/uuid:cf9469c0-3af8-11e7-8e0f-005056827e52  |y Digitalizovaný dokument  |x NDK 
910 2 |a BOA001  |b 3-1172.646 
990 |a BK 
995 |a 01 
991 |b 200612  |c NOV 
996 6 |b 2610294512  |c 3-1172.646  |l MZK  |r Sklad / do 1 hodiny  |n 3  |p p.v.  |w 000832266  |u 000010  |a 1  |e BOA001  |j MZK50  |s P 
996 7 |b 2610296545  |c 3-1172.646  |l MZK  |r Sklad / do 1 hodiny  |n 24  |p kup  |w 000832266  |u 000020  |a 1  |e BOA001  |j MZK50  |s A